000 00871cab a2200241 4500
001 WB3448-30
008 090401t1998 xxu||||| |||| 00| 0 eng d
035 _a(Sirsi) u90293
041 _aeng
245 _aGrosvenor pioneers new leasing code
260 _c1998
350 _a0
490 _aProperty Week
_v63(33) 11 December 1998, 1(1)
520 _aGrosvenor Estate Holdings is planning to offer its West End tenants more flexible leases. The company is to offer all prospective tenants the chance to take a lease of between three and ten years, with rent increases indexed to the rate of inflation.
650 _aCOMMERCIAL LEASES
650 _aCOMMERCIAL LETTINGS
650 _aFLEXIBLE LEASES
650 _aGROSVENOR ESTATES
650 _aWEST END OF LONDON
690 _aLANDLORD AND TENANT-BUSINESS TENANCIES
942 _n0
948 _c15/12/1998
999 _c57228
_d57228